| Tag |
First Indicator |
Second Indicator |
Subfields |
| LEADER |
00000cam a2200000 4500 |
| 001 |
in00000282943 |
| 005 |
20151010090911.0 |
| 008 |
741017s1943 nyu 00010 eng d |
| 010 |
|
|
|a 43015741
|
| 035 |
|
|
|a (OCoLC)01043453
|
| 035 |
|
|
|9 ABG4952AM
|
| 040 |
|
|
|a TLM
|c TLM
|d TXA
|d UtOrBLW
|
| 049 |
|
|
|a TXAM
|c 1 [135705]
|c 2 [125143]
|
| 090 |
|
|
|a DS777.7
|b .A6
|
| 100 |
1 |
|
|a Abend, Hallett,
|d 1884-1955.
|
| 245 |
1 |
0 |
|a My life in China, 1926-1941 /
|c [by] Hallet Abend.
|
| 264 |
|
1 |
|a New York :
|b Harcourt,
|c [1943]
|
| 300 |
|
|
|a vii, 396 pages ;
|c 21 cm.
|
| 336 |
|
|
|a text
|b txt
|2 rdacontent
|
| 337 |
|
|
|a unmediated
|b n
|2 rdamedia
|
| 338 |
|
|
|a volume
|b nc
|2 rdacarrier
|
| 500 |
|
|
|a Map on lining-papers.
|
| 500 |
|
|
|a "First edition."
|
| 600 |
1 |
0 |
|a Abend, Hallett,
|d 1884-1955.
|
| 650 |
|
0 |
|a Eastern question (Far East)
|
| 650 |
|
0 |
|a Journalists
|v Biography.
|
| 651 |
|
0 |
|a China
|x History
|y Republic, 1912-1949.
|
| 999 |
|
|
|a MARS
|
| 999 |
f |
f |
|s 1abd3a00-88df-3f45-a01e-8e3571b9aaf3
|i 6660c92a-9a6a-3b5c-b4cd-f4eabe97422a
|t 0
|
| 952 |
f |
f |
|p ric
|a Texas A&M University
|b Rellis Campus
|c Joint Library Facility
|s JLF
|d Remote Storage
|t 0
|e DS777.7 .A6
|h Library of Congress classification
|i unmediated -- volume
|m A14802074028
|
| 998 |
f |
f |
|a DS777.7 .A6
|t 0
|l Remote Storage
|